Voc. Restaurants - Statistiques

Statistiques générales
  • Ce quiz a été pris 50 fois
  • Le résultat moyen est 10 sur 32
Statistiques - réponses
Mot en français Traduction % Correct
une assiette plate
86%
un repas meal
80%
le pourboire tip
69%
le four oven
54%
l'addition bill/check
43%
spécialité speciality
43%
une recette recipe
37%
une tranche slice
37%
mettre la table to set the table
34%
à emporter to take-away
34%
une boisson beverage
31%
une serviette napkin
31%
une poêle pan
31%
l'eau gazeuse sparkling water
31%
cuire au four to bake
29%
verser to pour
29%
une entrée starter
26%
le plat principal main course
23%
l'argenterie silver
23%
débarasser la table to clear the table
23%
un traiteur caterer
20%
la carte des vins wine list
20%
dîner à l'extérieur to dine out
17%
un plateau tray
17%
un ustensile utensil
17%
la restauration catering
14%
les produits surgelés frozen food
14%
le plat du jour today's special
14%
des amuse-bouches appetisers
11%
les couverts cutlery
11%
une nappe tablecloth
11%
une garniture side order
9%
Aucun quiz correspondant
Distribution des résultats
% des personnes avec chaque résultat
Percentile par nombre de réponses
Votre historique - résultats
Vous n’avez pas pris ce quiz